00318nam a2200109 4500020001400000082001700014100002300031245008700054260004300141300000800184650001600192 a877626278 a363.7287 SAL aRodolfo N. Salcedo aEnviornmental Impacts of Hazardous Waste Treatment Storage and Disposal Facilities aU.S.A.bTechnomic Publishing Co.c1989 a160 aEnvironment